Králík pokaždé jinak /

Hlavní autor: Hrabánek, Zdeněk
Další autoři: Ceplecha, Bohumil, 1926-, Luňák, Vladimír
Jazyk: Čeština
Vydáno: Praha : Lucie :Atelier, 1991
Vydání: 1. vydání
Edice: Lucie radí
Témata:
Fyzický popis: 47 stran : ilustrace ; 21 cm
Knihy
Uloženo v:
LEADER 01227nam a22003732i 4500
001 001529766
003 CZ BrMZK
005 20161014141817.0
007 ta
008 160606s1991 xr a er|||||||||||cze d
015 |a cnb000060069 
020 |a 80-900316-5-X  |q (brož.) 
035 |a (OCoLC)39565012 
040 |a ABA001  |b cze  |d ABA001  |d BOA001  |e rda 
080 9 |a 641/642 
080 9 |a 641.55(083.1):637.5'692 
100 1 |a Hrabánek, Zdeněk  |4 aut 
245 1 0 |a Králík pokaždé jinak /  |c Zdeněk Hrabánek ; obálka a ilustrace Bohumil Ceplecha ; grafická úprava Vladimír Luňák 
250 |a 1. vydání 
264 1 |a Praha :  |b Lucie :  |b Atelier,  |c 1991 
300 |a 47 stran :  |b ilustrace ;  |c 21 cm 
336 |a text  |b txt  |2 rdacontent 
337 |a bez média  |b n  |2 rdamedia 
338 |a svazek  |b nc  |2 rdacarrier 
490 1 |a Lucie radí ;  |v svazek 5 
500 |a 50000 výtisků 
655 7 |a brožury  |7 fd131925  |2 czenas 
700 1 |a Ceplecha, Bohumil,  |d 1926-  |7 jk01020611  |4 ill 
700 1 |a Luňák, Vladimír  |4 ill 
830 0 |a Lucie radí 
910 |a BOA001  |b X-0967.105 
990 |a BK 
991 |b 201605 
996 6 |b 2619163584  |c X-0967.105  |l MZK  |r Sklad / do 24 hodin  |n 0  |w 001564840  |u 000010  |a 1  |e BOA001  |j MZK50  |s P